000 00623nam a2200193Ii 4500
003 JO-AjNU
008 230605s9999||||xx |||||||||||||| ||und||
040 _aJO-AjNU
_bara
_erda
_cJO-AjNU
041 _aara
050 1 4 _aJQ3898.A1.H3564.1991
100 3 _aحمودة ، عادل ,
_eauthor
_915682
245 0 0 _aقنابل ومصاحف قصة تنظيم " الجهاد "
250 _a(د،ط)
264 3 1 _aبيروت : دار الجيل / القاهرة ، سينا للنشر ، 1991
300 _a279ص
336 _atext
_btxt
_2rdacontent
337 _aunmediated
_bn
_2rdamedia
338 _avolume
_bnc
_2rdacarrier
999 _aA4485
_c8053
_d8053